00478nam a22001577a 450000500170000001000150001702000260003203500140005803700130007208200140008510000210009924500570012026000540017727000640023130000250029520170614113614.0 aENG-118636 a9789383575459c795.00 aEN-102168 bDBAD/PUB a320.40954 aPathak, Guptajit aIndian government and politics /cby Guptajit Pathak aNew DelhibSSDN Publishers and Distributorsc2015 a5A, Sahni Mansion, Ansari Road, Daryaganj, New Delhi-110002 aviii,192pc23cm.(Hb)